Beginner's Referencing Resources Book (Record no. 1875)

MARC details
005 - DATE AND TIME OF LATEST TRANSACTION
control field 20250501091402.0
020 ## - INTERNATIONAL STANDARD BOOK NUMBER
International Standard Book Number 978-9976-89-196-6
082 ## - DEWEY DECIMAL CLASSIFICATION NUMBER
Classification number LECT 028.7 SHA
100 ## - MAIN ENTRY--PERSONAL NAME
Author name SHAYO, H. E.
245 ## - TITLE STATEMENT
Title Beginner's Referencing Resources Book
260 ## - PUBLICATION, DISTRIBUTION, ETC.
Place of publication, distribution, etc. Dar es Salaam,
Name of publisher, distributor, etc. Eurocom Designers & Publishers,
Date of publication, distribution, etc. 2012.
300 ## - PHYSICAL DESCRIPTION
Extent ix,59p,: ill.; table.
Dimensions 21cm.
856 ## - ELECTRONIC LOCATION AND ACCESS
Link text Online Access Book
Electronic name Beginner's Referencing Resources Book
Path www.out.ac.tz
942 ## - ADDED ENTRY ELEMENTS (KOHA)
Source of classification or shelving scheme Dewey Decimal Classification
Koha item type Books
Holdings
Date last seen Total checkouts Full call number Barcode Cost, replacement price Price effective from Koha item type Lost status Source of classification or shelving scheme Damaged status Not for loan Withdrawn status Home library Current library Shelving location Date acquired Cost, normal purchase price
05/01/2025   LECT 028.7 SHA 0000007335 30000.00 05/01/2025 Books   Dewey Decimal Classification       College of Business Education Main Library College of Business Education Main Library General Collection 06/06/2013 10000.00
05/01/2025   LECT 028.7 SHA 0000007336 30000.00 05/01/2025 Books   Dewey Decimal Classification       College of Business Education Main Library College of Business Education Main Library General Collection 06/06/2013 10000.00
05/01/2025   LECT 028.7 SHA 0000007337 30000.00 05/01/2025 Books   Dewey Decimal Classification       College of Business Education Main Library College of Business Education Main Library General Collection 06/06/2013 10000.00
05/01/2025   LECT 028.7 SHA 0000007338 30000.00 05/01/2025 Books   Dewey Decimal Classification       College of Business Education Main Library College of Business Education Main Library General Collection 06/06/2013 10000.00
05/05/2025   LECT 028.7 SHA 0000007373 30000.00 05/05/2025 Books   Dewey Decimal Classification       College of Business Education Main Library College of Business Education Main Library General Collection 06/16/2013 10000.00
05/05/2025   LECT 028.7 SHA 0000007374 30000.00 05/05/2025 Books   Dewey Decimal Classification       College of Business Education Main Library College of Business Education Main Library General Collection 06/16/2013 10000.00